Normal view
MARC view
Entry Topical Term
001 - CONTROL NUMBER
- control field: 1216640
003 - CONTROL NUMBER IDENTIFIER
- control field:
005 - DATE AND TIME OF LATEST TRANSACTION
- control field: 20210629070226.0
008 - FIXED-LENGTH DATA ELEMENTS
- fixed length control field: 210629|| aca||aabn | a|a d
040 ## - CATALOGING SOURCE
- Original cataloging agency:
- Transcribing agency:
150 ## - HEADING--TOPICAL TERM
- Topical term or geographic name entry element: Criticism, Poetry, English
- Chronological subdivision: Early modern
- Chronological subdivision: 1500-1700
- General subdivision: History and criticism
670 ## - SOURCE DATA FOUND
- Source citation: Work cat.: ()1289368: Kumar, Kailash, 1938- 1216639, George Herbert :, 1988
